Historische Persönlichkeiten #1 - Statistiken

Allgemein
  • Dieses Quiz wurde 561 mal gespielt
  • Das Durchschnittsergebnis liegt bei 8 aus 20
Antwortstatistiken
Tipp Antwort % Korrekt
Physikerin polnischer Herkunft, lebte in Frankreich Marie Curie
89%
heiratete ihren Ehemann einen Tag vor dem gemeinsamen Suizid am 30.4.1945 Eva Braun / Eva Hitler
87%
wurde 1769 auf Korsika geboren Napoleon Bonaparte
85%
Begründer der Psychoanalyse Sigmund Freud
70%
Staatspräsident der Sowjetunion, erhielt 1990 den Friedensnobelpreis Michail Gorbatschow
67%
war zur Zeit des Mauerfalls Präsident der USA George Bush
65%
weibliches Mitglied der Weißen Rose, am 22.2.1943 hingerichtet Sophie Scholl
63%
komponierte die Oper Figaros Hochzeit Wolfgang Amadeus Mozart
50%
musste die 12 Aufgaben des Eurystheus bewältigen, nachdem er seine Familie umgebracht hatte Herakles
44%
ab 1935 Oberbefehlshaber der deutschen Luftwaffe, Suizid 1946 Hermann Göring
43%
Letzter Kaiser der julisch-claudischen Dynastie Nero
29%
der erste amerikanische Vizepräsident John Adams
25%
wurde durch ihre Beziehung mit Orpheus bekannt Eurydike
19%
ab 1189 König von England, Sohn von König Heinrich II. Richard Löwenherz
18%
verübte 1914 ein Attentat auf den österreich-ungarischen Thronfolger Gavrilo Princip
17%
entdeckte die elektromagnetische Induktion Michael Faraday
13%
neuseeländischer Physiker, führte die Begriffe "Proton" und "Halbwertszeit" ein Ernest Rutherford
11%
Griechische Göttin der Jugend Hebe
10%
gilt als Vater des Liberalismus John Locke
10%
verlegte die päpstliche Residenz nach Avignon Papst Clemens V.
6%
Keine übereinstimmenden Quizze gefunden
Verteilung der Resultate
Anzahl Personen mit jedem Resultat
Perzentil nach korrekt beantworteten Fragen
Ihre Resultats-Entwicklung
Sie haben dieses Quiz noch nicht gespielt